| 000 | 00616nam a2200193Ia 4500 | ||
|---|---|---|---|
| 005 | 20260629163253.0 | ||
| 008 | 260629s9999||||xx |||||||||||||| ||und|| | ||
| 020 |
_a140222723 _qpbk |
||
| 020 |
_a9780140222722 _qpbk |
||
| 082 |
_a820.9 _bFOR.v.1 |
||
| 100 | _aFord, Boris [ed.] | ||
| 245 | 4 | _aThe new Pelican guide to English literature : Vol. I, part 2, Medieval literature : the European inheritance | |
| 260 |
_aLondon _bPenguin Books _c1984 |
||
| 300 | _a626p. ; 18cm. | ||
| 490 | _vVol.1 | ||
| 653 | _aEnglish literature--History and criticism | ||
| 653 | _aGreat Britain--Intellectual life | ||
| 942 | _cBK | ||
| 999 |
_c57270 _d57270 |
||